| 000 | 00326nam a2200121Ia 4500 | ||
|---|---|---|---|
| 008 | 220901s9999||||xx |||||||||||||| ||und|| | ||
| 082 | _a510 PRA | ||
| 100 | _aPrasad J.B | ||
| 245 | 4 | _aThe mathematical education | |
| 250 | _aVol. 34 (4), 35 (1), 36 (3) & 37 (1) | ||
| 260 |
_bPrasad J.B _c2002 to 2003 |
||
| 650 | _aMathematics | ||
| 999 |
_c193976 _d193976 |
||